000
nam a22 7a 4500
999
_c
43985
_d
43985
003
OSt
005
20180415145149.0
008
180415b xxu||||| |||| 00| 0 eng d
040
_c
IIMT
100
_a
KOLMAN
245
_a
DISCRETE MATHEMATICSCAL STRUCTURES
260
_a
NEW DELHI
_b
PHI
_c
2012
300
_a
522
942
_2
ddc
_c
01